000 00265nam a22000977a 4500
999 _c11673
_d11673
008 191126b ||||| |||| 00| 0 eng d
020 _a9789380278568
100 _aStevenson Louis Robert
_97375
245 _aTreasure Island
260 _aNew Delhi
_bPaper Clip Books
_c2019